S100A4 (mts1) je exprimován synoviální tkání u pacientů s revmatoidní artritidou a moduluje produkci matrixových mataloproteináz

Podrobná bibliografia
Hlavní autori: Šenolt, Ladislav, 1976- (Autor), Grigorian, M. (Autor), Lukanidin, E. (Autor), Michel, B. A. (Autor), Gay, R. E. (Autor), Gay, S. (Autor), Pavelka, Karel, 1954- (Autor), Neidhart, M. (Autor)
Korporatívny autor: Zjazd slovenských a českých reumatológov (Autor)
Médium: Konferenčný príspevok Článok
Jazyk:slovenčina
čeština
ISSN:1210-1931
Predmet:

MARC

LEADER 00000nab a2200000 a 4500
001 vtls008875908
003 SK-MaSNL
005 20260305014945.0
008 250505c2005 xo 0 slo
015 |a SNBCL2005/5 
035 |a SLK037113 
035 |a urn:nbn:sk:snk-ab6tru 
035 |a (uuid)fb8f983c-4b32-4482-9512-e7e68ccf15e8 
035 |a (urnnbn)urn:nbn:sk:snk:ar-a05u6s 
035 |a (sysno)vtls008875908 
040 |a SNKBUCL  |b slo  |c SNKBUCL  |e AACR2 
041 0 |a cze 
044 |a xo  |c SK 
080 |a 616.72-002.77-097:061.3  |2 1981 
245 0 0 |a S100A4 (mts1) je exprimován synoviální tkání u pacientů s revmatoidní artritidou a moduluje produkci matrixových mataloproteináz  |c L. Šenolt ... [et al.] 
650 0 7 |a reumatoidná artritída  |2 MESH  |9 28588 
650 0 7 |a osteoartritída  |2 MESH  |9 18463 
650 0 7 |a S100 proteíny  |2 MESH  |9 1457037 
650 0 7 |a imunológia  |2 MESH  |9 51082 
650 0 7 |a metaloproteázy  |2 MESH  |9 1459902 
650 0 7 |a abstrakty z kongresu  |2 MESH  |9 168204 
650 0 7 |a synoviálna blana  |2 MESH  |9 150726 
700 1 |a Šenolt, Ladislav,  |d 1976-  |4 aut  |9 125561 
700 1 |a Grigorian, M.  |4 aut  |9 1593512 
700 1 |a Lukanidin, E.  |4 aut  |9 1593513 
700 1 |a Michel, B. A.  |4 aut  |9 1593514 
700 1 |a Gay, R. E.  |4 aut  |9 1593515 
700 1 |a Gay, S.  |4 aut  |9 1593516 
700 1 |a Pavelka, Karel,  |d 1954-  |4 aut  |9 132438 
700 1 |a Neidhart, M.  |4 aut  |9 1593517 
711 1 |a Zjazd slovenských a českých reumatológov  |n (49. :  |d 2005 :  |c Piešťany, Slovensko)  |4 aut  |9 92538 
773 0 |t Rheumatologia  |g Roč. 19, č. 4 (2005), s. 196  |x 1210-1931 
850 |a Slovenská národná knižnica 
852 |a Slovenská národná knižnica 
958 |a article27 
958 |a OND 
958 |a EUIPO 
999 |c 3272226  |d 3274156